Core Topics in Cardiac Anaesthesia (Record no. 1449)

MARC details
000 -LEADER
fixed length control field 01286cam a22003617a 4500
001 - CONTROL NUMBER
control field 13944442
003 - CONTROL NUMBER IDENTIFIER
control field OSt
005 - DATE AND TIME OF LATEST TRANSACTION
control field 20191028114158.0
008 - FIXED-LENGTH DATA ELEMENTS--GENERAL INFORMATION
fixed length control field 030626s2004 enka b 001 0 eng d
010 ## - LIBRARY OF CONGRESS CONTROL NUMBER
LC control number 2005391722
015 ## - NATIONAL BIBLIOGRAPHY NUMBER
National bibliography number GBA3-U5309
020 ## - INTERNATIONAL STANDARD BOOK NUMBER
International Standard Book Number 1841101338
035 ## - SYSTEM CONTROL NUMBER
System control number (DNLM)101223822
035 ## - SYSTEM CONTROL NUMBER
System control number (CStRLIN)MDNM101223822-B
040 ## - CATALOGING SOURCE
Original cataloging agency UKM
Transcribing agency UKM
Modifying agency OCLCQ
-- DLC
042 ## - AUTHENTICATION CODE
Authentication code lccopycat
050 00 - LIBRARY OF CONGRESS CALL NUMBER
Classification number RD87.3.H43
Item number C67 2004
060 00 - NATIONAL LIBRARY OF MEDICINE CALL NUMBER
Classification number 2004 J-427
060 10 - NATIONAL LIBRARY OF MEDICINE CALL NUMBER
Classification number WG 460
Item number C797 2004
082 04 - DEWEY DECIMAL CLASSIFICATION NUMBER
Classification number WG 460 C813j 2004
Edition number 21
100 ## - MAIN ENTRY--PERSONAL NAME
Personal name Edited by Arrowsmith, Joseph E.; Mackay, Jonathan H.
9 (RLIN) 13000
245 00 - TITLE STATEMENT
Title Core Topics in Cardiac Anaesthesia
260 ## - PUBLICATION, DISTRIBUTION, ETC. (IMPRINT)
Place of publication, distribution, etc. [Cambridge, U.K.] :
Name of publisher, distributor, etc. GMM,
Date of publication, distribution, etc. 2004.
300 ## - PHYSICAL DESCRIPTION
Extent xix, 367 p. :
Other physical details ill. ;
Dimensions 24 cm.
504 ## - BIBLIOGRAPHY, ETC. NOTE
Bibliography, etc Includes bibliographical references and index.
650 #0 - SUBJECT ADDED ENTRY--TOPICAL TERM
Topical term or geographic name as entry element Cardiology.
9 (RLIN) 3818
650 12 - SUBJECT ADDED ENTRY--TOPICAL TERM
Topical term or geographic name as entry element Anesthesia.
9 (RLIN) 3094
856 42 - ELECTRONIC LOCATION AND ACCESS
Materials specified Publisher description
Uniform Resource Identifier http://www.loc.gov/catdir/enhancements/fy0632/2005391722-d.html
856 41 - ELECTRONIC LOCATION AND ACCESS
Materials specified Table of contents only
Uniform Resource Identifier http://www.loc.gov/catdir/enhancements/fy0632/2005391722-t.html
906 ## - LOCAL DATA ELEMENT F, LDF (RLIN)
a 7
b cbc
c copycat
d 2
e ncip
f 20
g y-gencatlg
942 ## - ADDED ENTRY ELEMENTS (KOHA)
Source of classification or shelving scheme Other/Generic Classification Scheme
Koha item type Short Loan
Holdings
Withdrawn status Lost status Source of classification or shelving scheme Damaged status Not for loan Home library Current library Date acquired Source of acquisition Inventory number Total Checkouts Full call number Barcode Date last seen Price effective from Koha item type
    Other/Generic Classification Scheme     MUST Main Library MUST Main Library 14/04/2015   2006/26149   WG 460 C813j 2004 2015-0961 14/04/2015 14/04/2015 Short Loan